000 00799pam a22002654a 4500
008
020 _a0443070342 (pbk.)
049 _aMAIN
090 _aRT41
_bCOM
245 0 0 _aCommon foundation studies in nursing /
_cedited by Neil Kenworthy, Gillian Snowley, Cynthia Gilling.
250 _a3rd ed.
260 _aNew York :
_bChurchill Livingstone,
_c2002.
300 _ax, 527 p. :
_bill., map ;
_c25 cm.
500 _aIncludes index .
504 _aIncludesbibliographical references .
650 0 _aNursing.
700 1 _aKenworthy, Neil.
700 1 _aSnowley, Gillian.
700 1 _aGilling, Cynthia M.
907 _a.b10252125
_b17-07-12
_c02-10-07
003
005 20230120203957.0
040 _cNUST
942 _cBOOKS
_kRT41
_mCOM
999 _c114929
_d114929